Tecnociencia y cibercultura : (Record no. 86515)

MARC details
000 -LEADER
campo de control de longitud fija 00603nam a2200181 4500
001 - NÚMERO DE CONTROL
campo de control 3889
005 - FECHA Y HORA DE LA ÚLTIMA TRANSACCIÓN
campo de control 20230410132724.0
008 - DATOS DE LONGITUD FIJA--INFORMACIÓN GENERAL
campo de control de longitud fija 060907n1998 dr spa
020 ## - NÚMERO INTERNACIONAL ESTÁNDAR DEL LIBRO
Número Internacional Estándar del Libro 8449304962
035 ## - NÚMERO DE CONTROL DEL SISTEMA
-- funglode3911
041 ## - CÓDIGO DE IDIOMA
Código de lengua del texto/banda sonora o título independiente ES
050 14 - SIGNATURA TOPOGRÁFICA DE LA BIBLIOTECA DEL CONGRESO
Número de clasificación Q 174 T255 1996
245 0# - MENCIÓN DEL TÍTULO
Título Tecnociencia y cibercultura :
Resto del título la interrelación entre cultura, tecnología y ciencia /
Mención de responsabilidad, etc. Stanley Aronowitz, Barnara Martinsons, Michael Menser comp
260 ## - PUBLICACIÓN, DISTRIBUCIÓN, ETC.
Lugar de publicación, distribución, etc. Barcelona :
Nombre del editor, distribuidor, etc. Paidós,
Fecha de publicación, distribución, etc. 1998
300 ## - DESCRIPCIÓN FÍSICA
Extensión 366 p.
700 ## - ENTRADA AGREGADA--NOMBRE PERSONAL
Nombre de persona Aronowitz, Stanley / Martinsons, Barbara / Menser, Michael comp.
942 ## - ELEMENTOS DE ENTRADA SECUNDARIOS (KOHA)
Fuente del sistema de clasificación o colocación Clasificación de Library of Congress
Tipo de ítem Koha
Holdings
Estatus retirado Estado de pérdida Fuente del sistema de clasificación o colocación Estado de daño No para préstamo Colección Biblioteca de origen Biblioteca actual Ubicación en estantería Fecha de adquisición Serial enumeration / chronology Signatura topográfica completa Código de barras Visto por última vez Tipo de ítem Koha
    Clasificación de Library of Congress     Humanidades Biblioteca Juan Bosch Biblioteca Juan Bosch Humanidades (4to. Piso) 25/10/2018 1 Q 174 T255 1996 00000003920 25/10/2018